兵庫県の市区町村(1960年) - Statistics

General Stats
  • This quiz has been taken 68 times
  • The average score is 65 of 104
Answer Stats
No. 市町村 備考 % Correct
1 神戸市
100%
2 姫路市
100%
4 明石市
96%
5 西宮市
96%
10 豊岡市
96%
11 加古川市
96%
15 宝塚市
96%
3 尼崎市
93%
6 洲本市
93%
7 芦屋市
93%
9 相生市
93%
13 赤穂市
93%
16 三木市
93%
19 小野市
93%
20 三田市
93%
1-1 神戸市 東灘区
89%
1-2 神戸市 灘区
89%
1-5 神戸市 兵庫区
89%
1-7 神戸市 須磨区
89%
12 龍野市 2005年消滅
89%
14 西脇市
89%
17 高砂市
89%
49 佐用郡 佐用町
89%
82 多紀郡 篠山町 1975年消滅
89%
1-6 神戸市 長田区
85%
1-8 神戸市 垂水区
85%
8 伊丹市
85%
18 川西市
81%
21 川辺郡 猪名川町
81%
41 神崎郡 福崎町
81%
48 赤穂郡 上郡町
81%
33 加古郡 稲美町
74%
40 神崎郡 市川町
74%
45 揖保郡 太子町
74%
69 養父郡 養父町 2004年消滅
70%
75 朝来郡 朝来町 2005年消滅
70%
89 津名郡 淡路町 2005年消滅
70%
58 城崎郡 城崎町 2005年消滅
67%
53 宍粟郡 山崎町 2005年消滅
63%
62 出石郡 出石町 2005年消滅
63%
66 美方郡 浜坂町 2005年消滅
63%
73 朝来郡 和田山町 2005年消滅
63%
88 津名郡 津名町 2005年消滅
63%
94 三原郡 三原町 2005年消滅
63%
23 加東郡 社町 2006年消滅
59%
38 神崎郡 神崎町 2005年消滅
59%
59 城崎郡 竹野町 2005年消滅
59%
60 城崎郡 香住町 2005年消滅
59%
65 美方郡 美方町 2005年消滅
59%
67 美方郡 温泉町 2005年消滅
59%
68 養父郡 八鹿町 2004年消滅
59%
90 津名郡 北淡町 2005年消滅
59%
36 飾磨郡 家島町 2006年消滅
56%
37 飾磨郡 夢前町 2006年消滅
56%
43 揖保郡 新宮町 2005年消滅
56%
46 揖保郡 揖保川町 2005年消滅
56%
47 揖保郡 御津町 2005年消滅
56%
52 佐用郡 三日月町 2005年消滅
56%
63 出石郡 但東町 2005年消滅
56%
72 朝来郡 生野町 2005年消滅
56%
22 美嚢郡 吉川町 2005年消滅
52%
30 加西郡 北条町 1967年消滅
52%
31 加西郡 加西町 1967年消滅
52%
77 氷上郡 氷上町 2004年消滅
52%
78 氷上郡 青垣町 2004年消滅
52%
80 氷上郡 山南町 2004年消滅
52%
87 多紀郡 今田町 1999年消滅
52%
1-4 神戸市 生田区 1980年消滅
48%
29 多可郡 黒田庄町 2005年消滅
48%
39 神崎郡 大河内町 2005年消滅
48%
50 佐用郡 上月町 2005年消滅
48%
51 佐用郡 南光町 2005年消滅
48%
54 宍粟郡 安富町 2006年消滅
48%
79 氷上郡 春日町 2004年消滅
48%
85 多紀郡 西紀町 1999年消滅
48%
92 津名郡 五色町 2006年消滅
48%
96 三原郡 南淡町 2005年消滅
48%
1-3 神戸市 葺合区 1980年消滅
44%
24 加東郡 滝野町 2006年消滅
44%
25 加東郡 東条町 2006年消滅
44%
26 多可郡 中町 2005年消滅
44%
27 多可郡 加美町 2005年消滅
44%
42 神崎郡 香寺町 2006年消滅
44%
55 宍粟郡 一宮町 2005年消滅
44%
56 宍粟郡 波賀町 2005年消滅
44%
61 城崎郡 日高町 2005年消滅
44%
64 美方郡 村岡町 2005年消滅
44%
71 養父郡 関宮町 2004年消滅
44%
74 朝来郡 山東町 2005年消滅
44%
76 氷上郡 柏原町 2004年消滅
44%
81 氷上郡 市島町 2004年消滅
44%
86 多紀郡 丹南町 1999年消滅
44%
91 津名郡 一宮町 2005年消滅
44%
28 多可郡 八千代町 2005年消滅
41%
57 宍粟郡 千種町 2005年消滅
41%
70 養父郡 大屋町 2004年消滅
41%
95 三原郡 西淡町 2005年消滅
41%
93 三原郡 緑町 2005年消滅
37%
34 加古郡 阿閇村 1962年昇格
33%
84 多紀郡 多紀町 1975年消滅
33%
32 加西郡 泉町 1967年消滅
30%
35 印南郡 志方町 1979年消滅
30%
83 多紀郡 城東町 1975年消滅
22%
44 揖保郡 林田町 1967年消滅
19%
No matching quizzes found
Score Distribution
Percent of People with Each Score
Percentile by Number Answered
Your Score History
You have not taken this quiz